00541nam a2200169Ia 4500003000900000008004100009040001600050080002600066110003300092245011100125260005000236300000800286500001900294650001900313650001800332650002100350IN-BaIIA211028s9999 xx 000 0 eng d cIIA Library a083.7:669.14-422bISI aIndian Standards Institution 0aIndian standard specification for bright stars (ordinary/commercial quality)cIndian Standards Institution aNew DelhibIndian Standards Institutionc1974 a9p. aIS 7271 : 1974 a Bright Stars a Standards  aNASA Thesaurus